Tensor calculus: 300 fully solved problems
Saved in:
| Hovedforfatter: | |
|---|---|
| Format: | Bog |
| Sprog: | engelsk |
| Udgivet: |
Nueva York
McGraw-Hill
2011
|
| Udgivelse: | 1a. ed |
| Serier: | Schaum`s Outlines
|
| Fag: | |
| Tags: |
Tilføj Tag
Ingen Tags, Vær først til at tagge denne postø!
|
MARC
| LEADER | 00000cam a2200000 a 4500 | ||
|---|---|---|---|
| 001 | UCC1580 | ||
| 003 | CL-VaPUC | ||
| 008 | 171111e20110000us |||||||||||||||||eng|d | ||
| 020 | |a 9780071756037 | ||
| 082 | 0 | 4 | |a 515.63 |b KAY |2 21 |
| 100 | |a Kay, David C |e author |9 595631 | ||
| 245 | 1 | 0 | |a Tensor calculus: 300 fully solved problems |
| 250 | |a 1a. ed | ||
| 300 | |a 228 p | ||
| 942 | |c BK | ||
| 945 | |d 20171111 23:21:00 |a dcastane | ||
| 260 | |a Nueva York |b McGraw-Hill |c 2011 | ||
| 650 | 7 | |a CALCULO DE TENSORES |2 CL-VaPUC |9 260219 | |
| 650 | 0 | |a Problemas, ejercicios, etc |9 259377 | |
| 583 | |a last modification |c 20171111 23:21:00 |k Rodrigo Vera | ||
| 490 | 0 | |a Schaum`s Outlines | |
| 999 | |c 370005 |d 370003 | ||
| 952 | |0 0 |1 0 |3 erb |4 0 |6 515_630000000000000_KAY_2011 |7 0 |8 A |9 486252 |a BIBMAT |b BIBMAT |i 5434203 |o 515.63 KAY 2011 |p 5434203 |r 2025-01-07 |w 2019-11-24 |y BK |z Catalogado en:20171111 |k MAT | ||